000 01214nam a2200313 a 4500
001 ebr10480614
003 CaPaEBR
006 m u
007 cr cn|||||||||
008 110714s2011 enk sb 001 0 eng d
020 _z9781848851207 (hardback)
020 _z9781848851214 (pbk.)
020 _z9780857719355 (e-book)
040 _aCaPaEBR
_cCaPaEBR
035 _a(OCoLC)743805048
043 _aa-le---
050 1 4 _aDS119.76
_b.H37 2011eb
100 1 _aHarb, Zahera.
245 1 0 _aChannels of resistance in Lebanon
_h[electronic resource] :
_bliberation propaganda, Hezbollah and the media /
_cZahera Harb.
260 _aLondon :
_bI.B. Tauris & Co. Ltd.,
_c2011.
300 _a279 p.
504 _aIncludes bibliographical references and index.
533 _aElectronic reproduction.
_bPalo Alto, Calif. :
_cebrary,
_d2011.
_nAvailable via World Wide Web.
_nAccess may be limited to ebrary affiliated libraries.
650 0 _aArab-Israeli conflict.
651 0 _aLebanon
_xHistory.
655 7 _aElectronic books.
_2local
710 2 _aebrary, Inc.
856 4 0 _uhttp://site.ebrary.com/lib/rucke/Doc?id=10480614
_zAn electronic book accessible through the World Wide Web; click to view
999 _c221583
_d221583